Islas más grandes del mundo sin contar países - Estadísticas

Estadísticas generales
  • Esta prueba ha sido intentada 51 veces
  • La puntuación promedio es 9 de 20
Estadísticas de respuestas
Hint Respuesta % Correcto
Dinamarca Groenlandia
98%
Indonesia Java
72%
Reino Unido Gran Bretaña
65%
Compartida por tres países Borneo
58%
Insdonesia Sumatra
56%
Nueva Zelanda Isla Norte
53%
Compartida por dos países La Española
53%
Nueva Zelanda Isla del sur
47%
FIlipinas Luzón
47%
Japón Hokkaido
44%
Japón Honshu
44%
Canadá Terranova
44%
Canadá Baffin
42%
Compartida por dos países Nueva Guinea
42%
Indonesia Célebes
35%
Filipinas Mindanao
28%
Canadá Victoria
26%
Canadá Ellesmere
23%
Rusia Sajalin
21%
Canadá Banks
19%
No se encontraron pruebas coincidentes
Distribución de puntuación
Porcentaje de gente con cada puntuación
Porcentaje por número respondido
Historial de tus puntuaciones
No has intentado esta prueba.